000 01202nam a2200337 i 4500
003 EG-GICUC
005 20260504114221.0
008 260504s1969 fr adekfr|||| 001 0 fre d
040 _aEG-GiCUC
_bfre
_cEG-GiCUC
_dEG-GiCUC
_eRda
041 0 _afre
082 0 4 _221
_a345.257
_bDO . E
092 0 4 _221
099 _aLaw1 07 345.257 DO . E 1969
100 1 _aDony, Jean
_eAuteur
245 1 2 _aL'État Et Le Financement Des Investissements Privés /
_c Jean Dony, Alain Giovaninetti, Bernard Tibi.
264 1 _aParis :
_bÉditions Berger-Levrault,
_c 1969.
300 _a415 page :
_billustration ;
_c 24 cm.
336 _2rda contenu
_a texte
337 _2rda medias
_aOrdinateur
338 _2 transporteur rda
_a Ressource en ligne
500 _aComprend des illustrations , des tableaux et des graphiques.
504 _aComprend des références bibliographiques et un index.
546 _aTexte en français
650 1 _aDroit administratif
_2qrmak
651 1 _2qrmak
700 1 _aGiovaninetti, Alain
_eCo-Auteur
700 1 _aTibi, Bernard
_eCo-Auteur
856 4 0 _uhttps://fll.law.cu.edu.eg/fulltext/bks/B07-05484.pdf
905 _a167
942 _2ddc
_cBK
_e21
_n0
999 _c75478
_d75478